MANORAMA YEAR BOOK- 2024 (Record no. 8685)
[ view plain ]
| 000 -LEADER | |
|---|---|
| fixed length control field | 00364nam a22001337a 4500 |
| 082 ## - DEWEY DECIMAL CLASSIFICATION NUMBER | |
| Classification number | 001 |
| Item number | MAN/Y |
| 100 ## - MAIN ENTRY--AUTHOR NAME | |
| Personal name | MALAYALA MANORAMA |
| 245 ## - TITLE STATEMENT | |
| Title | MANORAMA YEAR BOOK- 2024 |
| 246 ## - VARYING FORM OF TITLE | |
| Title proper/short title | MANORAMA YEAR BOOK- 2024 |
| Remainder of title | MANORAMA YEAR BOOK- 2024 |
| 260 ## - PUBLICATION, DISTRIBUTION, ETC. (IMPRINT) | |
| Place of publication | KOTTAYAM, INDIA |
| Name of publisher | MALAYALA MANORAMA |
| Year of publication | 2024 |
| 300 ## - PHYSICAL DESCRIPTION | |
| Number of Pages | 1006 |
| 650 ## - SUBJECT ADDED ENTRY--TOPICAL TERM | |
| Topical Term | GENERAL KNOWLEDGE -YEAR BOOK |
| 942 ## - ADDED ENTRY ELEMENTS (KOHA) | |
| Koha item type | Books |
| Withdrawn status | Lost status | Collection code | Home library | Current library | Shelving location | Date acquired | Source of acquisition | Cost, normal purchase price | Full call number | Accession Number | Koha item type |
|---|---|---|---|---|---|---|---|---|---|---|---|
| Reference | Main Library | Main Library | SHELF-17F-YEAR BOOK | 06/05/2024 | PURCHASED | 350.00 | 001 MAN/Y | 13657 | Books |